Dr. Ecco's cyberpuzzles : 36 puzzles for hackers and other mathematical detectives
Αποθηκεύτηκε σε:
| Κύριος συγγραφέας: | |
|---|---|
| Μορφή: | Βιβλίο |
| Γλώσσα: | English |
| Δημοσίευση: |
New York; London :
W. W. Norton & Company,
[c2002]
|
| Θέματα: | |
| Ετικέτες: |
Προσθήκη ετικέτας
Δεν υπάρχουν, Καταχωρήστε ετικέτα πρώτοι!
|
MARC
| LEADER | 00000nam a2200000 i 4500 | ||
|---|---|---|---|
| 001 | 1/33388 | ||
| 008 | 060809s2002 eng d | ||
| 020 | |a 0-393-32541-5 (pbk.) | ||
| 035 | |l 10084934 | ||
| 040 | |a GR-MY-UA |b gre |e aacr | ||
| 041 | 0 | |a eng | |
| 082 | 0 | |a 793.74 |2 (22) | |
| 100 | 1 | |a Shasha, Dennis Elliott. | |
| 245 | 1 | 0 | |a Dr. Ecco's cyberpuzzles : |b 36 puzzles for hackers and other mathematical detectives / |c Dennis E. Shasha |
| 260 | |a New York; London : |b W. W. Norton & Company, |c [c2002] | ||
| 300 | |a 232 σ.; |c 21 εκ. | ||
| 650 | 0 | 0 | |a Mathematical recreations. |
| 650 | 0 | 0 | |a Calculators. |
| 852 | |a INST |b RHODES |e 20060809 |h 793.74 SHA |p 005400024477 |q 005400024477 |t BK |y 0 | ||
| 901 | |a BIBL4-2006-2 | ||
| 909 | |a Ρ |b 126857 | ||
| 920 | |a ΑΝΑΜΟΡΦΩΣΗ |b ΕΠΕΑΕΚ ΙΙ-ΤΕΠΑΕΣ |y ΡΟΔΟΣ |z 2006-06 | ||
| 970 | |a ΚΟΖΑ |b ΜΑΡΙΑ |z 2006/08/09 | ||